Statistics for The Least Dense US States

Click here to take the quiz!

General Stats

  • This quiz has been taken 39 times
  • The average score is 14 of 15

Answer Stats

Density (pop/mi^2)Answer% Correct
1Alaska
100%
6Wyoming
100%
7Montana
97%
25Nebraska
97%
29Nevada
95%
17New Mexico
95%
22Idaho
92%
11North Dakota
92%
12South Dakota
92%
40Utah
92%
36Kansas
86%
44Maine
86%
45Oregon
86%
57Iowa
84%
56Colorado
78%

Score Distribution

Percentile by Number Answered

Percent of People with Each Score

Your Score History

You have not taken this quiz